[Event "RSA-chT U20"]
[Site "Boksburg"]
[Date "2020.01.05"]
[Round "3.6"]
[White "Arendse, Amy Leigh"]
[Black "Maharaj, Abhishek"]
[Result "0-1"]
[WhiteElo "772"]
[BlackElo "1187"]
[PlyCount "70"]
[EventDate "2020.01.04"]
[EventType "team-tourn"]
[EventRounds "7"]
[EventCountry "RSA"]
[SourceTitle "CBM 194 Extra"]
[Source "ChessBase"]
[SourceDate "2020.03.31"]
[SourceVersion "1"]
[SourceVersionDate "2020.03.31"]
[SourceQuality "1"]
[WhiteTeam "Eden District U20"]
[BlackTeam "Ethekwini U20"]
[WhiteTeamCountry "RSA"]
[BlackTeamCountry "RSA"]

1. e4 e5 2. Nc3 Nc6 3. Nf3 Bc5 4. Qe2 d6 5. d3 h6 6. Be3 Nd4 7. Qd2 Nxf3+ 8. gxf3 Bxe3 9. Qxe3 Ne7 10. 0-0-0 c5 11. Nd5 Nxd5 12. exd5 0-0 13. Rg1 Qf6 14. c3 Re8 15. d4 cxd4 16. cxd4 Bf5 17. Bd3 Rac8+ 18. Kd2 exd4 19. Qf4 Re5 20. Be4 Kh8 21. Rc1 Rb8 22. Rc4 g5 23. Qg3 Bxe4 24. fxe4 Rxe4 25. Kd3 Rf4 26. a4 Rf3+ 27. Qxf3 Qxf3+ 28. Kc2 Qxf2+ 29. Kb3 Qxg1 30. Kb4 Qe1+ 31. Kb5 Qe2 32. b3 Rc8 33. h3 Rxc4 34. bxc4 Qb2+ 35. Ka5 Qb6# 0-1